EUPHYTICA (Record no. 3383)

MARC details
000 -LEADER
fixed length control field 00412nam a2200145Ia 4500
022 ## - INTERNATIONAL STANDARD SERIAL NUMBER
ISSN 0014-2336
245 #0 - TITLE STATEMENT
Title EUPHYTICA
260 ## - PUBLICATION, DISTRIBUTION, ETC. (IMPRINT)
Name of publisher Kluwer Academic Publishers, Amsterdam, The Netherlands
310 ## - CURRENT PUBLICATION FREQUENCY
Current publication frequency 24y
500 ## - GENERAL NOTE
General note Ending Volume & Year: 116, 2000
500 ## - GENERAL NOTE
General note Missing Volume: 39-42;49;51-74
500 ## - GENERAL NOTE
General note Starting Volume & Year: 18, 1969
942 ## - ADDED ENTRY ELEMENTS (KOHA)
Koha item type Bound Journal
Holdings
Withdrawn status Lost status Damaged status Not for loan Home library Current library Date acquired Accession Number Koha item type
      Bound journals RRII Library RRII Library 31/12/2021 03351J Bound Journal